| 000 | 00684nam a2200217 i 4500 | ||
|---|---|---|---|
| 001 | 151485 | ||
| 003 | ES-MaACL | ||
| 005 | 20240131120048.0 | ||
| 008 | 220621s2008 sp 001 f spa | ||
| 020 | _a978-84-204-7440-3 | ||
| 080 | _a821.134.2-31"19" | ||
| 100 | 1 |
_aGuelbenzu, José María. _960412 |
|
| 245 | 1 | 3 |
_aUn asesinato piadoso / _cJ.M. Guelbenzu. |
| 260 |
_aMadrid : _bAlfaguara, _c[2008] |
||
| 300 |
_a381 p. ; _c24 cm. |
||
| 852 | 4 |
_aES-MaACL _jA-14954 _9156947 _bR.152381 _cDEPO1 _dOlim: N-7954 _hDonación: José Lázaro |
|
| 903 |
_9234219 _aLázaro García, José _ednr |
||
| 942 |
_2udc _cMONOGRAFIA |
||
| 999 |
_c151485 _d151485 |
||